00434nam a22001577a 450000500170000001000150001702000260003203500140005803700090007208200110008110000180009224500400011026000500015027000560020030000200025620240508165229.0 aENG-140185 c150.00a9788172343620 aEN-123717 bDBAD a954.16 aSanyal, Sujit aDestination Delhi/cBy Sujit Sanyal aNew DelhibPrakash Books India Pvt. Ltdc2011 a1, Ansari Road, Daryaganj, New DelhibDelhie110002 a112p.c25cm(pb)